000 00689nam a2200205 a 4500
001 000008083
005 20200929154427.0
008 790625s1979 ec 000 0 spa
040 _aDO-SdBNP
_bspa
_cBNPHU
082 _aE863.3
_bM552c
100 1 _aLeón Mera, Juan
_d1832-1894.
_921987
245 1 0 _aCumanda /
_cJuan León Mera ; introducción, Hernan Rodríguez Castelo.
260 _aGuayaquil, Quito, Ecuador :
_bPublicaciones Educativas "Ariel",
_c[1979?].
300 _a197 p. ;
_c18 cm.
490 0 _aClasicos Ariel
_v16
500 _aIncluye notas a pie de páginas.
650 4 _aNovela chilena
_93163
650 4 _aLiteratura chilena
_93164
830 0 _aClasicos Ariel
_n16
_921988
999 _c7860
_d7860